Name 2016 rap albums - Statistics

General Stats
  • This quiz has been taken 23 times
  • The average score is 10 of 25
Answer Stats
Artist Album % Correct
Drake Views
87%
Kanye West The Life of Pablo
80%
J. Cole 4 Your Eyez Only
73%
Travis Scott Birds In The Trap Sing McKnight
73%
Chance The Rapper Coloring Book
67%
Kendrick Lamar untitled unmastered.
67%
Young Thug Slime Season 3 / I'm Up / JEFFERY
60%
21 Savage & Metro Boomin Savage Mode
53%
Danny Brown Atrocity Exhibition
47%
Lil Uzi Vert Lil Uzi Vert vs. The World / The Perfect Luv Tape
47%
ScHoolboy Q Blank Face LP
40%
Lil Yachty Lil Boat
40%
Post Malone Stoney
40%
Isaiah Rashad The Sun's Tirade
33%
Kid Cudi Passion, Pain & Demon Slayin'
27%
Future Purple Reign / EVOL
27%
A Tribe Called Quest We Got It from Here... Thank You 4 Your Service
27%
Denzel Curry Imperial
20%
Rae Sremmurd SremmLife 2
20%
YG Still Brazy
20%
Lil Peep Crybaby / Hellboy
13%
Skepta Konnichiwa
13%
Gucci Mane Everybody Looking
7%
Noname Telefone
7%
Vic Mensa There's a Lot Going On
7%
No matching quizzes found
Score Distribution
Percent of People with Each Score
Percentile by Number Answered
Your Score History
You have not taken this quiz